000 00671nam a2200229 u 4500
005 20240228064335.0
008 190225s2007 es r 000 0 spa d
020 _a9788484124443
035 _aUPN01000229265
049 _aI
050 4 _aPZ78
_bR5.2
100 1 _aRío, Carmina del
_932941
245 1 0 _aCon los demás /
_cCarmina del Río.
260 _aBarcelona, Esp. :
_bSalvatella,
_c2007.
300 _a32 p. :
_bil. col.
440 0 _aNuestras obligaciones ;
_v12
650 4 _aLibros y lectura para niños
_92290
650 4 _aRESPONSABILIDAD INFANTIL
_98478
650 4 _aETICA -
_vLITERATURA INFANTIL
_922262
905 _aInfantil
999 _c201360
_d201360